Transport by Sea (Record no. 5686)

000 -LEADER
fixed length control field 00298nam a2200133Ia 4500
008 - FIXED-LENGTH DATA ELEMENTS--GENERAL INFORMATION
fixed length control field 201214s9999 xx 000 0 und d
100 ## - MAIN ENTRY--PERSONAL NAME
Personal name Redmayne, Paul and Insull,Thomas
245 #0 - TITLE STATEMENT
Title Transport by Sea
260 ## - PUBLICATION, DISTRIBUTION, ETC.
Place of publication, distribution, etc. London
Name of publisher, distributor, etc. John Murray
Date of publication, distribution, etc. 1971
300 ## - PHYSICAL DESCRIPTION
Extent 48
942 ## - ADDED ENTRY ELEMENTS (KOHA)
Koha item type Books
Holdings
Withdrawn status Lost status Damaged status Not for loan Permanent Location Date acquired Date last seen Price effective from Koha item type Full call number Barcode
        IMU Kolkata 2020-12-14 2020-12-14 2020-12-14 Books    
          2020-12-14 2020-12-14 2020-12-14 Books 387.09 I5995  
          2020-12-14 2020-12-14 2020-12-14 Books   PM00627
Designed and Maintained by IMU-KC Library, Kolkata Campus © Copyright All Rights Reserved

webs counters

Powered by Koha